| Tag |
First Indicator |
Second Indicator |
Subfields |
| LEADER |
00000cam a2200000 4500 |
| 001 |
in00000035738 |
| 005 |
20151007062120.0 |
| 008 |
751014s1914 enkaf 00010 eng |
| 010 |
|
|
|a 14002883
|
| 035 |
|
|
|a (OCoLC)01703302
|
| 035 |
|
|
|9 AAD3992AM
|
| 040 |
|
|
|a DLC
|c DZM
|d TXA
|d UtOrBLW
|
| 049 |
|
|
|a TXAM
|c [11658]
|
| 050 |
|
0 |
|a NE2135
|b .S3
|
| 092 |
|
|
|a 767
|b S15
|
| 100 |
1 |
|
|a Salaman, Malcolm C.
|q (Malcolm Charles),
|d 1855-1940.
|
| 245 |
1 |
4 |
|a The great painter-etchers from Rembrandt to Whistler /
|c by Malcolm C. Salaman ... ed. by Charles Holme.
|
| 264 |
|
1 |
|a London,
|a New York [etc.] :
|b "The Studio" ltd.,
|c 1914.
|
| 300 |
|
|
|a x, 264 pages 1 ., including illustrations, plates. ;
|c 30 cm.
|
| 336 |
|
|
|a text
|b txt
|2 rdacontent
|
| 337 |
|
|
|a unmediated
|b n
|2 rdamedia
|
| 338 |
|
|
|a volume
|b nc
|2 rdacarrier
|
| 500 |
|
|
|a On cover: Special winter number of "The Studio" 1913-14.
|
| 650 |
|
0 |
|a Etchers.
|
| 650 |
|
0 |
|a Etching.
|
| 700 |
1 |
|
|a Holme, Charles,
|d 1848-1923.
|
| 710 |
2 |
|
|a Studio.
|
| 740 |
0 |
|
|a Painter-etchers.
|
| 999 |
|
|
|a MARS
|
| 999 |
f |
f |
|s 9813f55d-7da0-3129-a886-9ffc732bdd10
|i 4cce49fb-b6e7-3080-a5a9-e1fd478fde61
|t 0
|
| 952 |
f |
f |
|p normal
|a Texas A&M University
|b College Station
|c Sterling C. Evans Library
|d Evans: Library Stacks
|t 0
|e NE2135 .S3
|h Library of Congress classification
|i unmediated -- volume
|m A14801159663
|
| 998 |
f |
f |
|a NE2135 .S3
|t 0
|l Evans: Library Stacks
|